| 000 | 00870nam a2200277Ia 4500 | ||
|---|---|---|---|
| 001 | 65917 | ||
| 003 | 138727 | ||
| 005 | 20241210062819.0 | ||
| 008 | ||||||n9999 ||| || || | ||
| 041 | _aspa | ||
| 100 |
_aRomero, Maria Helena _990044 |
||
| 245 | 0 |
_aInfraestructura física de los sistemas _cdirigido por María Helena Romero. |
|
| 260 |
_aBogotá : _bMIDEC, _c1998. |
||
| 300 | _a134h. | ||
| 562 | _e2 | ||
| 650 | 0 |
_aAcueducto y alcantarillado _915547 |
|
| 650 | 0 |
_aAgua potable _97552 |
|
| 650 |
_aANALISIS SITUACIONAL _92942 |
||
| 650 |
_aEMPRESAS DE SERVICIOS PÚBLICOS DOMICILIARIOS _990045 |
||
| 650 | 0 |
_aProtección del medio ambiente _92403 |
|
| 650 |
_aSERVICIO DE ASEO _990046 |
||
| 650 |
_aSERVICIOS PÚBLICOS _990047 |
||
| 650 | 0 |
_aServicios públicos domiciliarios _911940 |
|
| 650 |
_aSISTEMAS DE ACUEDUCTO _990048 |
||
| 942 | _cDO-GO | ||
| 999 |
_c65917 _d65917 |
||